Актуальные вопросы транспортной медицины. Т. 12: Проблемы "человеческого фактора" в безопасности движения транспортных средств (Запись № 1303070)

Подробности
000 -МАРКЕР
контрольное поле 02145nam2a2200337 4500
001 - ИДЕНТИФИКАТОР ЗАПИСИ
контрольное поле RU\NLR\bibl\530337
005 - ИДЕНТИФИКАТОР ВЕРСИИ
контрольное поле 20260407111707.0
035 ## - ДРУГИЕ СИСТЕМНЫЕ НОМЕРА
Идентификатор записи (NLR Aleph) 000522663
100 ## - ДАННЫЕ ОБЩЕЙ ОБРАБОТКИ
Данные общей обработки 20040617d2004 |||y0rusy50 ca
101 0# - ЯЗЫК РЕСУРСА
Язык текста, звукозаписи и т.д. русский
Язык резюме английский
102 ## - СТРАНА ПУБЛИКАЦИИ ИЛИ ПРОИЗВОДСТВА
Страна публикации российская федерация
105 ## - ПОЛЕ КОДИРОВАННЫХ ДАННЫХ: ТЕКСТОВЫЕ МАТЕРИАЛЫ, МОНОГРАФИЧЕСКИЕ
Кодированные данные о монографическом текстовом документе ac |||||||||
200 1# - ЗАГЛАВИЕ И СВЕДЕНИЯ ОБ ОТВЕТСТВЕННОСТИ
Основное заглавие Проблемы "человеческого фактора" в безопасности движения транспортных средств
Сведения, относящиеся к заглавию Материалы межотрасл. конф., Москва, Рос. Федерация, 3 дек. 2003 г.
210 ## - ПУБЛИКАЦИЯ, РАСПРОСТРАНЕНИЕ И ДР.
Место издания, распространения и т.д. М.
Имя издателя, распространителя и т. д. Б.и.
Дата издания, распространения и т.д. 2004
215 ## - ФИЗИЧЕСКАЯ ХАРАКТЕРИСТИКА
Специфическое обозначение материала и объем 717,[3] с.
Другие сведения о физической характеристике ил., портр.
Размеры 22
225 1# - СЕРИЯ
Основное заглавие серии Актуальные вопросы транспортной медицины
Сведения, относящиеся к заглавию Науч. тр. сотрудников ЦКБ N 1 ОАО "Рос. ж.д."
ISSN серии 1609-5618
Обозначение тома Т. 12
300 ## - ОБЩИЕ ПРИМЕЧАНИЯ
Текст примечания Рез. на англ. яз.
320 ## - ПРИМЕЧАНИЯ О НАЛИЧИИ В ДОКУМЕНТЕ БИБЛИОГРАФИИ / УКАЗАТЕЛЯ
Текст примечания Библиогр. в конце материалов
461 #0 - УРОВЕНЬ НАБОРА
Встроенное поле 001RU\NLR\INFOCOMM34\5000000238
-- 2001#$aАктуальные вопросы транспортной медицины$eНауч. тр. сотрудников ЦКБ № 1 ОАО "Рос. ж. д."$fЦентр. клин. больница № 1$vТ. 12
Системный номер (АБИС) связанной записи 3031701
Место публикации М.
Дата публикации 1998-
Первые сведения об ответственности Центр. клин. больница № 1
Имя издателя, распространителя и т.д. Репроцентр М
Сведения, относящиеся к заглавию Науч. тр. сотрудников ЦКБ № 1 ОАО "Рос. ж. д."
Заглавие Актуальные вопросы транспортной медицины
ISSN 1609-5618
Номер тома Т. 12
606 1# - НАИМЕНОВАНИЕ ТЕМЫ КАК ПРЕДМЕТ
Наименование темы Транспортная медицина
Формальный подзаголовок Съезды, совещания и т.п.
Системный номер авторитетной/нормативной записи 1644664
Идентификатор авторитетной/нормативной записи RU\NLR\auth\66727585
686 ## - ИНДЕКСЫ ДРУГИХ КЛАССИФИКАЦИЙ
Индекс Р124.52я431(2)
686 ## - ИНДЕКСЫ ДРУГИХ КЛАССИФИКАЦИЙ
Индекс Р11(2)729я431(2)
711 12 - НАИМЕНОВАНИЕ ОРГАНИЗАЦИИ - АЛЬТЕРНАТИВНАЯ ОТВЕТСТВЕННОСТЬ
Начальный элемент ввода "Безопасность движения транспортных средств и проблемы "человеческого фактора", межотраслевая конференция
Дата проведения временной организации 2003
Место проведения временной организации Москва
Идентификатор авторитетной/нормативной записи RU\NLR\AUTH\8810063693
Системный номер авторитетной/нормативной записи 629006
801 #0 - ИСТОЧНИК ЗАПИСИ
Страна российская федерация
Организация NLR
Дата составления 20040617
Правила каталогизации PSBO
801 #1 - ИСТОЧНИК ЗАПИСИ
Страна российская федерация
Организация NLR
Дата составления 20040617
852 ## - МЕСТОНАХОЖДЕНИЕ И ШИФР ХРАНЕНИЯ
Идентификатор организации NLR
Шифр хранения (Call Number) П16/1807
942 ## - ДОПОЛНИТЕЛЬНЫЕ ЭЛЕМЕНТЫ ЗАПИСИ (АБИС)
Тип экземпляра АБИС Выпуск
980 ## - КОЛЛЕКЦИЯ
Название коллекции Национальная библиография

Нет доступных экземпляров.